Lewis and Kyrou's Handy Hints on legal practice / (Record no. 2)

MARC details
000 -LEADER
fixed length control field 00672nam a22002057a 4500
005 - DATE AND TIME OF INPUT
control field 20231031094150.0
008 - DATA ELEMENTS--GENERAL INFORMATION
fixed length control field 230817b |||||||| |||| 00| 0 eng d
020 ## - INTERNATIONAL STANDARD BOOK NUMBER
International Standard Book Number 9780409049916
041 ## - LANGUAGE CODE
Language code of text English
082 ## - SHELF NUMBER
DDC number 340.1 LEW
100 ## - MAIN AUTHOR
Main author's name Hoffmann, IM
Language of a work English
245 ## - TITLE STATEMENT
Title Lewis and Kyrou's Handy Hints on legal practice /
Statement of responsibility, etc. IM Hoffmann
250 ## - EDITION STATEMENT
Edition statement Second South African Edition
260 ## - PUBLICATION, DISTRIBUTION, ETC.
Place of publication, distribution, etc. South Africa :
Name of publisher, distributor, etc. LexisNexis,
Date of publication, distribution, etc. 2011
300 ## - PHYSICAL DESCRIPTION
Other physical details xxiii, 463 pages ;
Dimensions 24 cm.
500 ## - GENERAL NOTE
General note Includes Index<br/>Includes Tables of cases
650 ## - SUBJECT`
Own subject terms legal practice
Broad subject Law
710 ## - OTHER CORPORATE AUTHOR
Other corporate author name Attorney and conveyancer of the High Court of South Africa
942 ## - ADDED ENTRY ELEMENTS (KOHA)
Item type Books
942 ## - ADDED ENTRY ELEMENTS (KOHA)
-- EMILLIE
Holdings
Source of classification or shelving scheme Not for loan Collection code Home library Current library Shelving location Date acquired Source of acquisition Full call number Barcode Price effective from Koha item type
Dewey Decimal Classification   Non-fiction LAW SOCIETY OF NAMIBIA LIBRARY - WINDHOEK LAW SOCIETY OF NAMIBIA LIBRARY - WINDHOEK General Shelf 08/17/2023 Purchase 340.1 LEW LSN/2011/84 08/17/2023 Books
Dewey Decimal Classification     LAW SOCIETY OF NAMIBIA LIBRARY - WINDHOEK LAW SOCIETY OF NAMIBIA LIBRARY - WINDHOEK General Shelf 09/17/2023 purchased 340.1 LEW LSN/2013/32 09/17/2023 Books
Dewey Decimal Classification     LAW SOCIETY OF NAMIBIA LIBRARY - WINDHOEK LAW SOCIETY OF NAMIBIA LIBRARY - WINDHOEK General Shelf 09/17/2023 purchased 340.1 LEW LSN/2013/31 09/17/2023 Books